LAGRANGE EQUATIONS OF MOTION (Record no. 583440)

000 -LEADER
fixed length control field 00252nam a22001097a 4500
082 ## - DEWEY DECIMAL CLASSIFICATION NUMBER
Classification number 530.0151 MUN'L
100 ## - MAIN ENTRY--PERSONAL NAME
Personal name MUNAWAR, HUSSAIN DR
9 (RLIN) 78296
245 ## - TITLE STATEMENT
Title LAGRANGE EQUATIONS OF MOTION
260 ## - PUBLICATION, DISTRIBUTION, ETC.
Place of publication, distribution, etc. PAKISTAN
Name of publisher, distributor, etc. UGS
Date of publication, distribution, etc. 1990
300 ## - PHYSICAL DESCRIPTION
Extent 107P
942 ## - ADDED ENTRY ELEMENTS (KOHA)
Koha item type Book
Holdings
Withdrawn status Lost status Damaged status Not for loan Permanent Location Current Location Shelving location Date acquired Total Checkouts Full call number Barcode Date last seen Price effective from Koha item type
        College of Electrical & Mechanical Engineering (CEME) College of Electrical & Mechanical Engineering (CEME) General Stacks 02/28/2017   530.0151 MUN'L CEME-17635 06/28/2021 06/28/2021 Book
        College of Electrical & Mechanical Engineering (CEME) College of Electrical & Mechanical Engineering (CEME) General Stacks 02/28/2017   530.0151 MUN'L CEME-17636 06/28/2021 06/28/2021 Book
© 2023 Central Library, National University of Sciences and Technology. All Rights Reserved.